000 00301cam a22001217a 4500
008 180718b1990 xxu||||| |||| 00| 0 eng d
082 _aA99 V815r
100 _aVira, Dhrma
245 _aReminiscences
_cby Dharma Vira
260 _aDelhi
_bVikas
_c1990
300 _a176p.
650 _aVira, Dharma, 1906
999 _c356020
_d356020